000 00567nam a22001577a 4500
003 macl
005 20190620132640.0
008 190620b xxu||||| |||| 00| 0 eng d
040 _cmacl
082 _a294
100 _aपटेल गौतम सिंह
_975391
245 _aसर्वशास्‍त्रमयी गीता महामन्‍त्र हरि ऊॅं तत्‍सत (खण्‍ड 2)
260 _aदिल्‍ली
_bयश पब्लिकेशन
_c2018
650 _aधर्म
_975392
942 _2ddc
_cHIN
999 _c60152
_d60152